{"text_format":"3","workbook":"xls","n_sheets":4,"sheets":["锅炉材料","Sheet2","Sheet3","Sheet1"],"not_rendered":{"images":24},"read":"whole","date_system":"1900","formulas":"cached_only"}

{"sheet":"锅炉材料","index":0,"n_rows":96,"n_cols":8,"rows_kept":96,"merged":[[0,0,0,7],[1,6,1,7],[2,0,2,2],[2,3,2,6],[95,1,95,7]],"flags":["formulas_cached_only"]}
["       甘肃能化窑街煤电集团\n               酒泉天宝煤业公司四季度生产物资采购明细单"]
[]
["采购编号:TBMY2026-02-锅炉材料",null,null,"起止日期：2026年2月8日至2026年2月28日",{"$nulls":3},"单位：元"]
["序号","物资名称","型号规格","单位","数量","税率","品牌或生产厂家","备注"]
[1,"5吨手拉葫芦","HSZ5T6M，6米提升高度","套",1,{"v":0.13,"d":"13%"}]
[2,"HR-125A螺杆空气压缩机气液分离器滤芯","E7-36，处理量13m³/min，\n精度1μm，山西昊瑞螺杆式空压机专用","个",5,{"v":0.13,"d":"13%"}]
[3,"HR-125A螺杆空气压缩机气液分离器滤芯","E7-28，处理量5m³/min，\n精度1μm，山西昊瑞螺杆式空压机专用","个",5,{"v":0.13,"d":"13%"}]
[4,"电磁阀组","菲特气动，型号4V210-08，AC220V，IP65,\n压力1.5-8kgf/cm³","个",10,{"v":0.13,"d":"13%"}]
[5,"快速排污阀","铸铁国标，DN40，PN26，225mm长，带法兰及螺栓","个",2,{"v":0.13,"d":"13%"}]
[6,"排污闸阀","铸铁国标，DN40，PN26，195mm长，带法兰及螺栓","个",2,{"v":0.13,"d":"13%"}]
[7,"铜逆止阀","卧式止回阀，纯铜，单个重量不小于190g，DN20，1.6MPa","个",2,{"v":0.13,"d":"13%"}]
[8,"铜逆止阀","卧式止回阀，纯铜，单个重量不小于250g，DN25，1.6MPa","个",2,{"v":0.13,"d":"13%"}]
[9,"铜逆止阀","卧式止回阀，纯铜，单个重量不小于480g，DN32，1.6MPa","个",2,{"v":0.13,"d":"13%"}]
[10,"铜逆止阀","卧式止回阀，纯铜，单个重量不小于540g，DN40，1.6MPa","个",2,{"v":0.13,"d":"13%"}]
[11,"空压机排水球阀","圆排+4分对丝+球阀","个",2,{"v":0.13,"d":"13%"}]
[12,"储气罐自动排水阀","昆普特，三代PG-98配前置过滤器+PU防爆管","个",3,{"v":0.13,"d":"13%"}]
[13,"气压调节阀","QTY-40，1.6MPa","个",2,{"v":0.13,"d":"13%"}]
[14,"气管快速接头","PC12-04","个",30,{"v":0.13,"d":"13%"}]
[15,"气管快速接头","PC12-03","个",30,{"v":0.13,"d":"13%"}]
[16,"气管快速接头","PC12-02","个",30,{"v":0.13,"d":"13%"}]
[17,"气管快速接头","PC12-01","个",30,{"v":0.13,"d":"13%"}]
[18,"气管快速接头","PC10-04","个",30,{"v":0.13,"d":"13%"}]
[19,"气管快速接头","PC10-03","个",30,{"v":0.13,"d":"13%"}]
[20,"气管快速接头","PC10-02","个",30,{"v":0.13,"d":"13%"}]
[21,"气管快速接头","PC10-01","个",30,{"v":0.13,"d":"13%"}]
[22,"气管快速接头","PC8-04，全铜材质，温度环境-10℃至60℃","个",30,{"v":0.13,"d":"13%"}]
[23,"气管快速接头","PC8-03，全铜材质，温度环境-10℃至60℃","个",30,{"v":0.13,"d":"13%"}]
[24,"气管快速接头","PC8-02，全铜材质，温度环境-10℃至60℃","个",30,{"v":0.13,"d":"13%"}]
[25,"气管快速接头","PC8-01，全铜材质，温度环境-10℃至60℃","个",30,{"v":0.13,"d":"13%"}]
[26,"气动三通快速接头","PE-8","个",20,{"v":0.13,"d":"13%"}]
[27,"气动三通快速接头","PE-10","个",20,{"v":0.13,"d":"13%"}]
[28,"气动三通快速接头","PE-12","个",20,{"v":0.13,"d":"13%"}]
[29,"气动弯头","PL8-02型快速接头，温度环境-10℃至60℃，黄铜材质，卡簧材质：不锈钢，压力范围0-1MPa，","个",20,{"v":0.13,"d":"13%"}]
[30,"气动弯头","PL8-03型快速接头，温度环境-10℃至60℃，黄铜材质，卡簧材质：不锈钢，压力范围0-1MPa，","个",20,{"v":0.13,"d":"13%"}]
[31,"气动弯头","PL8-04型快速接头，温度环境-10℃-60℃，黄铜材质，卡簧材质：不锈钢，压力范围0-1MPa，","个",20,{"v":0.13,"d":"13%"}]
[32,"PU气管","透明，耐低温聚氨酯（PU）管，空压机气管专用，使用压力1.2MPa，硬度85A,内径*外径=8mm*5mm，80m/卷","卷",1,{"v":0.13,"d":"13%"}]
[33,"PU气管","透明，耐低温聚氨酯（PU）管，空压机气管专用，使用压力1.2MPa，硬度85A,内径*外径=10mm*6.5mm，80m/卷","卷",1,{"v":0.13,"d":"13%"}]
[34,"铜球阀","顶配全铜，DN15，1.6MPa，重量不低于180g","个",10,{"v":0.13,"d":"13%"}]
[35,"铜球阀","顶配全铜，DN20，1.6MPa，重量不低于240g","个",10,{"v":0.13,"d":"13%"}]
[36,"铜球阀","顶配全铜，DN25，1.6MPa，重量不低于330g","个",10,{"v":0.13,"d":"13%"}]
[37,"球阀","不锈钢，DN15，1.6MPa","个",10,{"v":0.13,"d":"13%"}]
[38,"球阀","不锈钢，DN20，1.6MPa","个",10,{"v":0.13,"d":"13%"}]
[39,"球阀","不锈钢，DN25，1.6MPa","个",10,{"v":0.13,"d":"13%"}]
[40,"球阀","不锈钢，DN40，1.6MPa","个",10,{"v":0.13,"d":"13%"}]
[41,"球阀","不锈钢，DN50，1.6MPa","个",10,{"v":0.13,"d":"13%"}]
[42,"铸铁丝扣闸阀","DN15，1.6MPa","个",20,{"v":0.13,"d":"13%"}]
[43,"铸铁丝扣闸阀","DN20，1.6MPa","个",20,{"v":0.13,"d":"13%"}]
[44,"铸铁丝扣闸阀","DN25，1.6MPa","个",20,{"v":0.13,"d":"13%"}]
[45,"铸铁丝扣闸阀","DN32，1.6MPa","个",20,{"v":0.13,"d":"13%"}]
[46,"铸铁丝扣闸阀","DN40，1.6MPa","个",20,{"v":0.13,"d":"13%"}]
[47,"铸铁丝扣闸阀","DN50，1.6MPa","个",20,{"v":0.13,"d":"13%"}]
[48,"管钳","世达，钳头Cr-v钢材质，，12寸","把",2,{"v":0.13,"d":"13%"}]
[49,"管钳","世达，钳头Cr-v钢材质，，18寸","把",2,{"v":0.13,"d":"13%"}]
[50,"气动角座阀","丝扣型，不锈钢头，DN40，介质：压缩空气","个",2,{"v":0.13,"d":"13%"}]
[51,"气动角座阀","丝扣型，不锈钢头，DN25，介质：压缩空气","个",2,{"v":0.13,"d":"13%"}]
[52,"气动出料阀","PZ673-80，DN80，压力1.0Mpa,陶瓷耐磨，带行程开关","个",1,{"v":0.13,"d":"13%"}]
[53,"气动排气阀","DN50，通径50，压力1.0Mpa，温度200°","个",1,{"v":0.13,"d":"13%"}]
[54,"气动摆动进料阀","DN200，侧开式，陶瓷内衬，法兰连接，带法兰垫片","个",1,{"v":0.13,"d":"13%"}]
[55,"气动双闸板阀","陶瓷内衬，DN50，法兰连接，带法兰垫片","个",2,{"v":0.13,"d":"13%"}]
[56,"黄铜丝扣闸阀","国标，DN15","个",20,{"v":0.13,"d":"13%"}]
[57,"黄铜丝扣闸阀","国标，DN20","个",20,{"v":0.13,"d":"13%"}]
[58,"黄铜丝扣闸阀","国标，DN25","个",20,{"v":0.13,"d":"13%"}]
[59,"黄铜丝扣闸阀","国标，DN32","个",20,{"v":0.13,"d":"13%"}]
[60,"黄铜丝扣闸阀","国标，DN40","个",20,{"v":0.13,"d":"13%"}]
[61,"黄铜丝扣闸阀","国标，DN50","个",20,{"v":0.13,"d":"13%"}]
[62,"内丝活接","DN15，304不锈钢","个",10,{"v":0.13,"d":"13%"}]
[63,"内丝活接","DN20，304不锈钢","个",10,{"v":0.13,"d":"13%"}]
[64,"内丝活接","DN25，304不锈钢","个",10,{"v":0.13,"d":"13%"}]
[65,"内丝活接","DN50，304不锈钢","个",5,{"v":0.13,"d":"13%"}]
[66,"排污闸板阀","国标铸钢材质，DN40，2.5Mpa，长度225mm","个",1,{"v":0.13,"d":"13%"}]
[67,"快速排污阀","国标铸钢材质，DN40，2.5Mpa，长度225mm","个",20,{"v":0.13,"d":"13%"}]
[68,"冷渣机钢丝软连接","304不锈钢活法兰，DN50，PN16  L=505mm","个",2,{"v":0.13,"d":"13%"}]
[69,"冷渣机钢丝软连接","304不锈钢活法兰，DN65，PN16 L=500mm","个",2,{"v":0.13,"d":"13%"}]
[70,"循环泵软连接","可曲挠性相交软连接，12孔法兰，国标DN250","个",2,{"v":0.13,"d":"13%"}]
[71,"同心异径软连接","国标8孔碳钢法兰，DN125mm*80mm,PN16,橡胶材质","个",2,{"v":0.13,"d":"13%"}]
[72,"槽钢","国标Q235B，100mm*48mm*5.3mm","吨",0.5,{"v":0.13,"d":"13%"},"54米长"]
[73,"镀锌扁铁","40*4mm","吨",0.5,{"v":0.13,"d":"13%"},"396米长"]
[74,"哈夫节套装","DN25*200mm，PN16,\n带螺栓、垫片","套",2,{"v":0.13,"d":"13%"}]
[75,"哈夫节套装","DN32*200mm，PN16,\n带螺栓、垫片","套",2,{"v":0.13,"d":"13%"}]
[76,"哈夫节套装","DN40*200mm，PN16,\n带螺栓、垫片","套",2,{"v":0.13,"d":"13%"}]
[77,"哈夫节套装","DN50*200mm，PN16,\n带螺栓、垫片","套",2,{"v":0.13,"d":"13%"}]
[78,"哈夫节套装","DN65*200mm，PN16,\n带螺栓、垫片","套",2,{"v":0.13,"d":"13%"}]
[79,"哈夫节套装","DN80*200mm，PN16,\n带螺栓、垫片","套",2,{"v":0.13,"d":"13%"}]
[80,"哈夫节套装","DN100*200mm，PN16,\n带螺栓、垫片","套",2,{"v":0.13,"d":"13%"}]
[81,"哈夫节套装","DN125*200mm，PN16,\n带螺栓、垫片","套",2,{"v":0.13,"d":"13%"}]
[82,"哈夫节套装","DN150*200mm，PN16,\n带螺栓、垫片","套",2,{"v":0.13,"d":"13%"}]
[83,"哈夫节套装","DN200*200mm，PN16,\n带螺栓、垫片","套",2,{"v":0.13,"d":"13%"}]
[84,"哈夫节套装","DN250*200mm，PN16,\n带螺栓、垫片","套",2,{"v":0.13,"d":"13%"}]
[85,"脚踏式黄油枪","4L，2m钢丝管+重型万向枪+轮子，枪嘴可接软硬管","套",2,{"v":0.13,"d":"13%"}]
[86,"铜管扩张器套装","偏芯扩口器带割刀，CT-N806AM-D","套",2,{"v":0.13,"d":"13%"}]
[87,"柱销螺栓套装","牛筋胶套，国标M8-45，高强度碳钢材质，M30*38*170mm","套",20,{"v":0.13,"d":"13%"}]
[88]
[89]
[90]
[91]
[92,"\n需要说明的其它事项：含税13%、报价包含装卸费、运费等其他费用。"]

{"sheet":"Sheet2","index":1,"n_rows":0,"n_cols":0,"rows_kept":0,"flags":["formulas_cached_only"]}

{"sheet":"Sheet3","index":2,"n_rows":0,"n_cols":0,"rows_kept":0,"flags":["formulas_cached_only"]}

{"sheet":"Sheet1","index":3,"n_rows":239,"n_cols":6,"rows_kept":239,"flags":["formulas_cached_only"]}
{"$rows_empty":151}
["5吨手拉葫芦","HSZ5T6M，6米提升高度",{"v":550,"d":"550.00"},"套",1,{"v":550,"d":"550.00"}]
["HR-125A螺杆空气压缩机气液分离器滤芯","E7-36，处理量13m³/min，\n精度1μm，山西昊瑞螺杆式空压机专用",{"v":385,"d":"385.00"},"个",5,{"v":1925,"d":"1925.00"}]
["HR-125A螺杆空气压缩机气液分离器滤芯","E7-28，处理量5m³/min，\n精度1μm，山西昊瑞螺杆式空压机专用",{"v":380,"d":"380.00"},"个",5,{"v":1900,"d":"1900.00"}]
["电磁阀组","菲特气动，型号4V210-08，AC220V，IP65,\n压力1.5-8kgf/cm³",{"v":55,"d":"55.00"},"个",10,{"v":550,"d":"550.00"}]
["快速排污阀","铸铁国标，DN40，PN26，225mm长，带法兰及螺栓",{"v":285,"d":"285.00"},"个",2,{"v":570,"d":"570.00"}]
["排污闸阀","铸铁国标，DN40，PN26，195mm长，带法兰及螺栓",{"v":320,"d":"320.00"},"个",2,{"v":640,"d":"640.00"}]
["铜逆止阀","卧式止回阀，纯铜，单个重量不小于190g，DN20，1.6MPa",{"v":50,"d":"50.00"},"个",2,{"v":100,"d":"100.00"}]
["铜逆止阀","卧式止回阀，纯铜，单个重量不小于250g，DN25，1.6MPa",{"v":60,"d":"60.00"},"个",2,{"v":120,"d":"120.00"}]
["铜逆止阀","卧式止回阀，纯铜，单个重量不小于480g，DN32，1.6MPa",{"v":65,"d":"65.00"},"个",2,{"v":130,"d":"130.00"}]
["铜逆止阀","卧式止回阀，纯铜，单个重量不小于540g，DN40，1.6MPa",{"v":85,"d":"85.00"},"个",2,{"v":170,"d":"170.00"}]
["空压机排水球阀","圆排+4分对丝+球阀",{"v":85,"d":"85.00"},"个",2,{"v":170,"d":"170.00"}]
["储气罐自动排水阀","昆普特，三代PG-98配前置过滤器+PU防爆管",{"v":230,"d":"230.00"},"个",3,{"v":690,"d":"690.00"}]
["气压调节阀","QTY-40，1.6MPa",{"v":260,"d":"260.00"},"个",2,{"v":520,"d":"520.00"}]
["气管快速接头","PC12-04",{"v":5,"d":"5.00"},"个",30,{"v":150,"d":"150.00"}]
["气管快速接头","PC12-03",{"v":5,"d":"5.00"},"个",30,{"v":150,"d":"150.00"}]
["气管快速接头","PC12-02",{"v":5,"d":"5.00"},"个",30,{"v":150,"d":"150.00"}]
["气管快速接头","PC12-01",{"v":5,"d":"5.00"},"个",30,{"v":150,"d":"150.00"}]
["气管快速接头","PC10-04",{"v":3,"d":"3.00"},"个",30,{"v":90,"d":"90.00"}]
["气管快速接头","PC10-03",{"v":3,"d":"3.00"},"个",30,{"v":90,"d":"90.00"}]
["气管快速接头","PC10-02",{"v":3,"d":"3.00"},"个",30,{"v":90,"d":"90.00"}]
["气管快速接头","PC10-01",{"v":3,"d":"3.00"},"个",30,{"v":90,"d":"90.00"}]
["气管快速接头","PC8-04，全铜材质，温度环境-10℃至60℃",{"v":3,"d":"3.00"},"个",30,{"v":90,"d":"90.00"}]
["气管快速接头","PC8-03，全铜材质，温度环境-10℃至60℃",{"v":3,"d":"3.00"},"个",30,{"v":90,"d":"90.00"}]
["气管快速接头","PC8-02，全铜材质，温度环境-10℃至60℃",{"v":2,"d":"2.00"},"个",30,{"v":60,"d":"60.00"}]
["气管快速接头","PC8-01，全铜材质，温度环境-10℃至60℃",{"v":2,"d":"2.00"},"个",30,{"v":60,"d":"60.00"}]
["气动三通快速接头","PE-8",{"v":3,"d":"3.00"},"个",20,{"v":60,"d":"60.00"}]
["气动三通快速接头","PE-10",{"v":3,"d":"3.00"},"个",20,{"v":60,"d":"60.00"}]
["气动三通快速接头","PE-12",{"v":5,"d":"5.00"},"个",20,{"v":100,"d":"100.00"}]
["气动弯头","PL8-02型快速接头，温度环境-10℃至60℃，黄铜材质，卡簧材质：不锈钢，压力范围0-1MPa，",{"v":20,"d":"20.00"},"个",20,{"v":400,"d":"400.00"}]
["气动弯头","PL8-03型快速接头，温度环境-10℃至60℃，黄铜材质，卡簧材质：不锈钢，压力范围0-1MPa，",{"v":25,"d":"25.00"},"个",20,{"v":500,"d":"500.00"}]
["气动弯头","PL8-04型快速接头，温度环境-10℃-60℃，黄铜材质，卡簧材质：不锈钢，压力范围0-1MPa，",{"v":35,"d":"35.00"},"个",20,{"v":700,"d":"700.00"}]
["PU气管","透明，耐低温聚氨酯（PU）管，空压机气管专用，使用压力1.2MPa，硬度85A,内径*外径=8mm*5mm，80m/卷",{"v":400,"d":"400.00"},"卷",1,{"v":400,"d":"400.00"}]
["PU气管","透明，耐低温聚氨酯（PU）管，空压机气管专用，使用压力1.2MPa，硬度85A,内径*外径=10mm*6.5mm，80m/卷",{"v":400,"d":"400.00"},"卷",1,{"v":400,"d":"400.00"}]
["铜球阀","顶配全铜，DN15，1.6MPa，重量不低于180g",{"v":25,"d":"25.00"},"个",10,{"v":250,"d":"250.00"}]
["铜球阀","顶配全铜，DN20，1.6MPa，重量不低于240g",{"v":32,"d":"32.00"},"个",10,{"v":320,"d":"320.00"}]
["铜球阀","顶配全铜，DN25，1.6MPa，重量不低于330g",{"v":40,"d":"40.00"},"个",10,{"v":400,"d":"400.00"}]
["球阀","不锈钢，DN15，1.6MPa",{"v":20,"d":"20.00"},"个",10,{"v":200,"d":"200.00"}]
["球阀","不锈钢，DN20，1.6MPa",{"v":35,"d":"35.00"},"个",10,{"v":350,"d":"350.00"}]
["球阀","不锈钢，DN25，1.6MPa",{"v":42,"d":"42.00"},"个",10,{"v":420,"d":"420.00"}]
["球阀","不锈钢，DN40，1.6MPa",{"v":50,"d":"50.00"},"个",10,{"v":500,"d":"500.00"}]
["球阀","不锈钢，DN50，1.6MPa",{"v":75,"d":"75.00"},"个",10,{"v":750,"d":"750.00"}]
["铸铁丝扣闸阀","DN15，1.6MPa",{"v":16,"d":"16.00"},"个",20,{"v":320,"d":"320.00"}]
["铸铁丝扣闸阀","DN20，1.6MPa",{"v":20,"d":"20.00"},"个",20,{"v":400,"d":"400.00"}]
["铸铁丝扣闸阀","DN25，1.6MPa",{"v":25,"d":"25.00"},"个",20,{"v":500,"d":"500.00"}]
["铸铁丝扣闸阀","DN32，1.6MPa",{"v":35,"d":"35.00"},"个",20,{"v":700,"d":"700.00"}]
["铸铁丝扣闸阀","DN40，1.6MPa",{"v":45,"d":"45.00"},"个",20,{"v":900,"d":"900.00"}]
["铸铁丝扣闸阀","DN50，1.6MPa",{"v":60,"d":"60.00"},"个",20,{"v":1200,"d":"1200.00"}]
["管钳","世达，钳头Cr-v钢材质，，12寸",{"v":100,"d":"100.00"},"把",2,{"v":200,"d":"200.00"}]
["管钳","世达，钳头Cr-v钢材质，，18寸",{"v":160,"d":"160.00"},"把",2,{"v":320,"d":"320.00"}]
["气动角座阀","丝扣型，不锈钢头，DN40，介质：压缩空气",{"v":400,"d":"400.00"},"个",2,{"v":800,"d":"800.00"}]
["气动角座阀","丝扣型，不锈钢头，DN25，介质：压缩空气",{"v":360,"d":"360.00"},"个",2,{"v":720,"d":"720.00"}]
["气动出料阀","PZ673-80，DN80，压力1.0Mpa,陶瓷耐磨，带行程开关",{"v":1500,"d":"1500.00"},"个",1,{"v":1500,"d":"1500.00"}]
["气动排气阀","DN50，通径50，压力1.0Mpa，温度200°",{"v":1800,"d":"1800.00"},"个",1,{"v":1800,"d":"1800.00"}]
["气动摆动进料阀","DN200，侧开式，陶瓷内衬，法兰连接，带法兰垫片",{"v":4200,"d":"4200.00"},"个",1,{"v":4200,"d":"4200.00"}]
["气动双闸板阀","陶瓷内衬，DN50，法兰连接，带法兰垫片",{"v":1500,"d":"1500.00"},"个",2,{"v":3000,"d":"3000.00"}]
["黄铜丝扣闸阀","国标，DN15",{"v":25,"d":"25.00"},"个",20,{"v":500,"d":"500.00"}]
["黄铜丝扣闸阀","国标，DN20",{"v":35,"d":"35.00"},"个",20,{"v":700,"d":"700.00"}]
["黄铜丝扣闸阀","国标，DN25",{"v":45,"d":"45.00"},"个",20,{"v":900,"d":"900.00"}]
["黄铜丝扣闸阀","国标，DN32",{"v":50,"d":"50.00"},"个",20,{"v":1000,"d":"1000.00"}]
["黄铜丝扣闸阀","国标，DN40",{"v":65,"d":"65.00"},"个",20,{"v":1300,"d":"1300.00"}]
["黄铜丝扣闸阀","国标，DN50",{"v":85,"d":"85.00"},"个",20,{"v":1700,"d":"1700.00"}]
["内丝活接","DN15，304不锈钢",{"v":15,"d":"15.00"},"个",10,{"v":150,"d":"150.00"}]
["内丝活接","DN20，304不锈钢",{"v":20,"d":"20.00"},"个",10,{"v":200,"d":"200.00"}]
["内丝活接","DN25，304不锈钢",{"v":25,"d":"25.00"},"个",10,{"v":250,"d":"250.00"}]
["内丝活接","DN50，304不锈钢",{"v":35,"d":"35.00"},"个",5,{"v":175,"d":"175.00"}]
["排污闸板阀","国标铸钢材质，DN40，2.5Mpa，长度225mm",{"v":380,"d":"380.00"},"个",1,{"v":380,"d":"380.00"}]
["快速排污阀","国标铸钢材质，DN40，2.5Mpa，长度225mm",{"v":200,"d":"200.00"},"个",20,{"v":4000,"d":"4000.00"}]
["冷渣机钢丝软连接","304不锈钢活法兰，DN50，PN16",{"v":320,"d":"320.00"},"个",2,{"v":640,"d":"640.00"}]
["冷渣机钢丝软连接","304不锈钢活法兰，DN65，PN16",{"v":260,"d":"260.00"},"个",2,{"v":520,"d":"520.00"}]
["循环泵软连接","可曲挠性相交软连接，12孔法兰，国标DN250",{"v":550,"d":"550.00"},"个",2,{"v":1100,"d":"1100.00"}]
["同心异径软连接","国标8孔碳钢法兰，DN125mm*80mm,PN16,橡胶材质",{"v":160,"d":"160.00"},"个",2,{"v":320,"d":"320.00"}]
["槽钢","国标Q235B，100mm*48mm*5.3mm",{"v":5000,"d":"5000.00"},"吨",0.5,{"v":2500,"d":"2500.00"}]
["镀锌扁铁","40*4mm",{"v":5000,"d":"5000.00"},"吨",0.5,{"v":2500,"d":"2500.00"}]
["哈夫节套装","DN25*200mm，PN16,\n带螺栓、垫片",{"v":40,"d":"40.00"},"套",2,{"v":80,"d":"80.00"}]
["哈夫节套装","DN32*200mm，PN16,\n带螺栓、垫片",{"v":40,"d":"40.00"},"套",2,{"v":80,"d":"80.00"}]
["哈夫节套装","DN40*200mm，PN16,\n带螺栓、垫片",{"v":45,"d":"45.00"},"套",2,{"v":90,"d":"90.00"}]
["哈夫节套装","DN50*200mm，PN16,\n带螺栓、垫片",{"v":65,"d":"65.00"},"套",2,{"v":130,"d":"130.00"}]
["哈夫节套装","DN65*200mm，PN16,\n带螺栓、垫片",{"v":80,"d":"80.00"},"套",2,{"v":160,"d":"160.00"}]
["哈夫节套装","DN80*200mm，PN16,\n带螺栓、垫片",{"v":100,"d":"100.00"},"套",2,{"v":200,"d":"200.00"}]
["哈夫节套装","DN100*200mm，PN16,\n带螺栓、垫片",{"v":125,"d":"125.00"},"套",2,{"v":250,"d":"250.00"}]
["哈夫节套装","DN125*200mm，PN16,\n带螺栓、垫片",{"v":150,"d":"150.00"},"套",2,{"v":300,"d":"300.00"}]
["哈夫节套装","DN150*200mm，PN16,\n带螺栓、垫片",{"v":185,"d":"185.00"},"套",2,{"v":370,"d":"370.00"}]
["哈夫节套装","DN200*200mm，PN16,\n带螺栓、垫片",{"v":210,"d":"210.00"},"套",2,{"v":420,"d":"420.00"}]
["哈夫节套装","DN250*200mm，PN16,\n带螺栓、垫片",{"v":265,"d":"265.00"},"套",2,{"v":530,"d":"530.00"}]
["脚踏式黄油枪","4L，2m钢丝管+重型万向枪+轮子，枪嘴可接软硬管",{"v":260,"d":"260.00"},"套",2,{"v":520,"d":"520.00"}]
["铜管扩张器套装","偏芯扩口器带割刀，CT-N806AM-D",{"v":220,"d":"220.00"},"套",2,{"v":440,"d":"440.00"}]
["柱销螺栓套装","牛筋胶套，国标M8-45，高强度碳钢材质，M30*38*170mm",{"v":80,"d":"80.00"},"套",20,{"v":1600,"d":"1600.00"}]
[{"$nulls":5},55670]